<?xml version="1.0" encoding="UTF-8"?>
<collection xmlns="http://www.loc.gov/MARC21/slim">
 <record>
  <leader>00922cam a2200229 7i4500</leader>
  <controlfield tag="001">0000005699</controlfield>
  <controlfield tag="005">20161017090000.0</controlfield>
  <datafield tag="020" ind1="0" ind2="0">
   <subfield code="a">9061919061 </subfield>
  </datafield>
  <datafield tag="090" ind1="0" ind2="0">
   <subfield code="a">SH 175 </subfield>
   <subfield code="b">.I9 1988</subfield>
  </datafield>
  <datafield tag="100" ind1="1" ind2="0">
   <subfield code="a">Izyumova, N. A. </subfield>
   <subfield code="q">(Nina Alekseevna) </subfield>
  </datafield>
  <datafield tag="245" ind1="1" ind2="0">
   <subfield code="a">Parasitic fauna of reservoir fishes of the USSR and its evolution  </subfield>
   <subfield code="c">N.A. Izyumova.</subfield>
  </datafield>
  <datafield tag="260" ind1="0" ind2="0">
   <subfield code="a">Rotterdam: </subfield>
   <subfield code="b">A.A. Balkema, </subfield>
   <subfield code="c">1988.</subfield>
  </datafield>
  <datafield tag="300" ind1="#" ind2="#">
   <subfield code="a">325 p.; </subfield>
   <subfield code="c">25 cm..</subfield>
  </datafield>
  <datafield tag="490" ind1="0" ind2="0">
   <subfield code="a">Russian translation series; </subfield>
   <subfield code="v">61</subfield>
  </datafield>
  <datafield tag="650" ind1="0" ind2="0">
   <subfield code="a">Parasites -- </subfield>
   <subfield code="x">Evolution -- </subfield>
   <subfield code="z">Soviet Union </subfield>
  </datafield>
  <datafield tag="650" ind1="0" ind2="0">
   <subfield code="a">Freshwater fishes -- </subfield>
   <subfield code="x">Parasites -- </subfield>
   <subfield code="z">Soviet Union </subfield>
  </datafield>
  <datafield tag="650" ind1="0" ind2="0">
   <subfield code="a">Fishes -- </subfield>
   <subfield code="x">Parasites -- </subfield>
   <subfield code="z">Soviet Union </subfield>
  </datafield>
  <datafield tag="999" ind1=" " ind2=" ">
   <subfield code="a">1000381431</subfield>
   <subfield code="b">Book</subfield>
   <subfield code="c">Open Shelf</subfield>
   <subfield code="e">KOLEKSI TERBUKA</subfield>
  </datafield>
  <datafield tag="999" ind1=" " ind2=" ">
   <subfield code="a">1000236002</subfield>
   <subfield code="b">Book</subfield>
   <subfield code="c">Open Shelf</subfield>
   <subfield code="e">KOLEKSI TERBUKA</subfield>
  </datafield>
  <datafield tag="999" ind1=" " ind2=" ">
   <subfield code="a">1000236001</subfield>
   <subfield code="b">Book</subfield>
   <subfield code="c">Open Shelf</subfield>
   <subfield code="e">KOLEKSI TERBUKA</subfield>
  </datafield>
  <datafield tag="999" ind1=" " ind2=" ">
   <subfield code="a">1000236000</subfield>
   <subfield code="b">Book</subfield>
   <subfield code="c">Open Shelf</subfield>
   <subfield code="e">KOLEKSI TERBUKA</subfield>
  </datafield>
  <datafield tag="999" ind1=" " ind2=" ">
   <subfield code="a">1000235999</subfield>
   <subfield code="b">Book</subfield>
   <subfield code="c">Open Shelf</subfield>
   <subfield code="e">KOLEKSI TERBUKA</subfield>
  </datafield>
 </record>
</collection>
